Plus grand et plus petit département par région - Statistiques

Statistiques générales
  • Ce quiz a été pris 507 fois
    504 depuis la dernière actualisation
  • Le résultat moyen est 22 sur 28
Statistiques - réponses
Superficie (km2) Département % Correct
83 534 Guyane
92%
105 Paris
90%
4 014 Corse-du-Sud
88%
6 733 Finistère
88%
9 976 Gironde
88%
4 666 Haute-Corse
88%
376 Mayotte
87%
5 743 Nord
87%
609 Territoire-de-Belfort
85%
6 877 Côtes-d'Armor
84%
3 249 Rhône
83%
5 535 Calvados
80%
5 915 Seine-et-Marne
80%
3 525 Haut-Rhin
79%
3 567 Vaucluse
78%
8 763 Côte-d'Or
76%
6 278 Seine-Maritime
75%
7 362 Aisne
73%
6 925 Alpes-de-Haute-Provence
72%
7 235 Cher
71%
8 169 Marne
71%
7 970 Puy-de-Dôme
71%
5 175 Mayenne
70%
8 735 Aveyron
68%
5 361 Lot-et-Garonne
67%
7 107 Maine-et-Loire
67%
3 718 Tarn-et-Garonne
67%
5 880 Eure-et-Loir
65%
Aucun quiz correspondant
Distribution des résultats
% des personnes avec chaque résultat
Percentile par nombre de réponses
Votre historique - résultats
Vous n’avez pas pris ce quiz depuis la dernière actualisation